|
|
|
|
| LEADER |
00000nam0a2200000 4500 |
| 001 |
261615 |
| 005 |
20231101233559.0 |
| 035 |
|
|
|a (RuTPU)RU\TPU\book\284596
|
| 090 |
|
|
|a 261615
|
| 100 |
|
|
|a 20140526d1967 k y0rusy50 ca
|
| 101 |
0 |
|
|a rus
|
| 102 |
|
|
|a RU
|
| 105 |
|
|
|a a z 001zy
|
| 200 |
1 |
|
|a Сверхпроводящие магнитные системы
|f Е. Я. Казовский, В. П. Карцев, В. Н. Шахтарин
|g Академия наук СССР (АН СССР), Институт электромеханики
|
| 210 |
|
|
|a Ленинград
|c Наука
|d 1967
|
| 215 |
|
|
|a 323 с.
|c ил.
|
| 320 |
|
|
|a Библиогр.: с. 313-320.
|
| 606 |
1 |
|
|a Магнитные системы
|x Динамика
|2 stltpush
|3 (RuTPU)RU\TPU\subj\40834
|9 60664
|
| 610 |
1 |
|
|a сверхпроводящие магнитные системы
|
| 610 |
1 |
|
|a материалы
|
| 610 |
1 |
|
|a проектирование
|
| 610 |
1 |
|
|a оптимизация
|
| 610 |
1 |
|
|a криостаты
|
| 610 |
1 |
|
|a токоподвод
|
| 610 |
1 |
|
|a аварийные нарушения
|
| 610 |
1 |
|
|a защита
|
| 610 |
1 |
|
|a трансформаторы
|
| 610 |
1 |
|
|a генераторы
|
| 610 |
1 |
|
|a газы
|
| 610 |
1 |
|
|a ожижение
|
| 675 |
|
|
|a 537.6
|v 3
|
| 700 |
|
1 |
|a Казовский
|b Е. Я.
|g Ефим Яковлевич
|
| 701 |
|
1 |
|a Карцев
|b В. П.
|g Владимир Петрович
|
| 701 |
|
1 |
|a Шахтарин
|b В. Н.
|g Валентин Николаевич
|
| 712 |
0 |
2 |
|a Академия наук СССР (АН СССР)
|b Институт электромеханики
|2 stltpush
|3 (RuTPU)RU\TPU\col\19758
|
| 801 |
|
1 |
|a RU
|b 63413507
|c 20140526
|
| 801 |
|
2 |
|a RU
|b 63413507
|c 20210603
|g RCR
|
| 942 |
|
|
|c BK
|